000 00271nam a2200109Ia 4500
005 20251222142000.0
008 251222s9999||||xx |||||||||||||| ||spa||
082 _a278.7/C76
245 0 _aDon Bosco en el Perú:
264 _bCongregación Salesiana del Perú
942 _cLIB
999 _c9980
_d9980